[Event "DSOL 02 Liga Gr-D 1st"]
[Site "Playchess.com INT"]
[Date "2020.08.06"]
[Round "7.2"]
[White "Shikhman, Vladimir"]
[Black "Hansch, Stephan"]
[Result "0-1"]
[WhiteElo "2018"]
[BlackElo "2133"]
[PlyCount "112"]
[EventDate "2020.06.22"]
[EventType "team-tourn (rapid)"]
[EventCountry "GER"]
[SourceTitle "EXT 2021"]
[Source "ChessBase"]
[SourceDate "2020.10.23"]
[SourceVersion "1"]
[SourceVersionDate "2020.10.23"]
[SourceQuality "1"]
[WhiteTeam "Chemnitz USG"]
[BlackTeam "Stendal"]
[WhiteTeamCountry "GER"]
[BlackTeamCountry "GER"]

1. e4 c5 2. b3 Nc6 3. Bb2 d6 4. f4 e6 5. Nf3 Nf6 6. e5 dxe5 7. fxe5 Nd5 8. Bb5 Bd7 9. 0-0 Be7 10. a4 Qc7 11. Na3 Nb6 12. Qe1 0-0-0 13. Bd3 a6 14. Be4 g5 15. d3 Kb8 16. a5 Nc8 17. Nc4 Rdf8 18. Kh1 g4 19. Nfd2 Nd4 20. Bxd4 cxd4 21. Qf2 f5 22. exf6 Bxf6 23. Qf4 h5 24. Qxc7+ Kxc7 25. Rf2 Bh4 26. Rxf8 Rxf8 27. g3 Bg5 28. Kg2 Bb5 29. Rf1 Rxf1 30. Kxf1 Bxd2 31. Nxd2 Nd6 32. Bg6 Be8 33. Bxe8 Nxe8 34. Ne4 Kc6 35. Kg2 Kb5 36. h3 e5 37. h4 Kxa5 38. Kf2 Kb4 39. Ke2 b5 40. Kd2 a5 41. Kc1 a4 42. bxa4 bxa4 43. Kb2 Ng7 44. Nf6 a3+ 45. Ka2 Kc3 46. Nd7 Kxc2 47. Nxe5 Nf5 48. Kxa3 Nxg3 49. Kb4 Nf5 50. Kc5 Kc3 51. Kd5 Nxh4 52. Ke4 Nf3 53. Ng6 Ng5+ 54. Kf5 Nh3 55. Ne5 g3 56. Ke4 g2 0-1